Fill in the Middle: Five Consonants Quiz Stats

 Plays Quiz Updated Jun 18, 2017

Support Sporcle.
Go Orange.
Score 0/32 Timer 06:00
4 Plays Today
% Correct
NDTHS
75.6%
RTTHR
70.9%
TCHCR
67.8%
LFTHS
66.5%
FFSPR
66.3%
CKSPL
65.1%
TCHBL
64.8%
STSTR
64.5%
GHTST
64.4%
NGTHS
64.1%
CKSTR
63.8%
RTSTR
63.7%
TCHST
63.4%
GHTCL
63.2%
RKSCR
61.7%
NDTHR
61.3%
% Correct
FFSCR
61%
STSCR
61%
GHTHS
60.4%
GHTPR
60.1%
MBSTR
59.5%
NDSCR
59%
WNSTR
58.1%
CHTSM
53.5%
RSCHT
52.3%
GHTSM
51.6%
NDSPR
50.9%
LMSTR
49.7%
TCHGR
47.6%
NGSPR
47%
RSTWH
46.1%
NGSTR
40%

You're not logged in!

Compare scores with friends on all Sporcle quizzes.
OR
Log In
Forgot?
Remove Ads.
Support Sporcle.
Get the best of Sporcle when you Go Orange. This ad-free experience offers more features, more stats, and more fun while also helping to support Sporcle. Thank you for becoming a member.

Show Comments

Extras

Top Quizzes Today


Score Distribution

Your Account Isn't Verified!

In order to create a playlist on Sporcle, you need to verify the email address you used during registration. Go to your Sporcle Settings to finish the process.

Report this User

Report this user for behavior that violates our Community Guidelines.

Details: